000 00486nam a2200181Ia 4500
999 _c29210
_d29210
003 OSt
005 20201124151907.0
008 190216s9999||||xx |||||||||||||| ||und||
020 _a9788126404148
040 _coclc
082 _a920
_bHIT/H
100 _aHitler, Adolf
_93551
245 0 _aHitlerute Atmakatha /
_cAdolf Hitler
260 _bD C Books,
_aKottayam:
_c2007.
300 _a98p
650 _aAthmakadha
942 _cBK
_2ddc
_h920
_iHIT/H
_k920
_mHIT/H